La thérapie brève systémique stratégique : Guide d'intervention sur les habitudes dysfonctionnelles (notice n° 2236472)

détails MARC
000 -LEADER
fixed length control field 01606cam a2200133 4500500
005 - DATE AND TIME OF LATEST TRANSACTION
control field 20260517001753.0
041 ## - LANGUAGE CODE
Language code of text/sound track or separate title fre
042 ## - AUTHENTICATION CODE
Authentication code dc
100 10 - MAIN ENTRY--PERSONAL NAME
Personal name Vitry, Grégoire
Relator term author
245 00 - TITLE STATEMENT
Title La thérapie brève systémique stratégique : Guide d'intervention sur les habitudes dysfonctionnelles
260 ## - PUBLICATION, DISTRIBUTION, ETC.
Name of publisher, distributor, etc. De Boeck Supérieur,<br/>
Date of publication, distribution, etc. 2024.<br/>
520 ## - SUMMARY, ETC.
Summary, etc. Véritable guide pratique de l’approche systémique stratégique Plusieurs études ont démontré que la thérapie brève systémique stratégique est particulièrement efficiente dans la résolution des problèmes psychologiques et relationnels. Cette thérapie étant peu enseignée dans les cursus de psychologie ou de médecine, le présent ouvrage répond à ce besoin de formation. Il propose en effet un guide complet pour poser un diagnostic opératoire non-pathologisant dans une intervention brève et efficiente. Ce livre permettra la formation de praticiens à cette méthodologie biopsychosociale et la mise en place de services de soins systémiques stratégiques tant dans le secteur privé que public, représentant une étape importante dans une nouvelle lecture écologique de la santé mentale. L’auteur aborde : • les fondamentaux de l’approche de Palo Alto ; • le déroulement des interventions ; • la stratégie des systémiciens ; • la théorie des tentatives de solutions ; • les principales prescriptions. À télécharger : de nombreuses lectures complémentaires
856 41 - ELECTRONIC LOCATION AND ACCESS
Uniform Resource Identifier <a href="https://shs.cairn.info/la-therapie-breve-systemique-strategique--9782807365841?lang=fr&redirect-ssocas=7080">https://shs.cairn.info/la-therapie-breve-systemique-strategique--9782807365841?lang=fr&redirect-ssocas=7080</a>

Pas d'exemplaire disponible.

PLUDOC

PLUDOC est la plateforme unique et centralisée de gestion des bibliothèques physiques et numériques de Guinée administré par le CEDUST. Elle est la plus grande base de données de ressources documentaires pour les Étudiants, Enseignants chercheurs et Chercheurs de Guinée.

Adresse

627 919 101/664 919 101

25 boulevard du commerce
Kaloum, Conakry, Guinée

Réseaux sociaux

Powered by Netsen Group @ 2025